000
00315nam a22001457a 4500
008
211012b ||||| |||| 00| 0 eng d
020
_a
9780470144756
041
_a
eng
080
_a
004
082
_a
004
100
_a
28
101
_a
SHKI
245
_a
Teach Yourself Visually
_c
Warner,J.C
942
_2
udc
_c
BK
999
_c
58180
_d
58180